000
00332nam a2200145Ia 4500
100
_a
Siemens
490
_v
37
942
_c
BK
654
_a
capacitor
245
_a
Constructional features and operating characteristics capacitor
260
_b
Wiley eastern
_a
New Delhi
_c
1991
300
_a
68
546
_a
ENGLISH
999
_c
28050
_d
28050